Introductory VHDL: from simulation to synthesis (Record no. 23914)
[ view plain ]
| 000 -LEADER | |
|---|---|
| fixed length control field | 00678 a2200145 4500 |
| 003 - CONTROL NUMBER IDENTIFIER | |
| control field | NUST |
| 005 - DATE AND TIME OF LATEST TRANSACTION | |
| control field | 20170621114414.0 |
| 008 - FIXED-LENGTH DATA ELEMENTS--GENERAL INFORMATION | |
| fixed length control field | 170621b xxu||||| |||| 00| 0 eng d |
| 020 ## - INTERNATIONAL STANDARD BOOK NUMBER | |
| International Standard Book Number | 8178085585 |
| 040 ## - CATALOGING SOURCE | |
| Original cataloging agency | DLC |
| Language of cataloging | DLC |
| Transcribing agency | RCMS |
| 050 ## - LIBRARY OF CONGRESS CALL NUMBER | |
| Classification number | 621.392 YAL |
| 082 ## - DEWEY DECIMAL CLASSIFICATION NUMBER | |
| Classification number | 621.392 YAL |
| 100 1# - MAIN ENTRY--PERSONAL NAME | |
| Personal name | Sudhakar Yalamanchili |
| 9 (RLIN) | 3022 |
| 245 10 - TITLE STATEMENT | |
| Title | Introductory VHDL: from simulation to synthesis |
| Remainder of title | from simulation to synthesis |
| Statement of responsibility, etc. | Sudhakar Yalamanchili. |
| 260 ## - PUBLICATION, DISTRIBUTION, ETC. | |
| Place of publication, distribution, etc. | Upper Saddle River, NJ : |
| Name of publisher, distributor, etc. | Prentice Hall, |
| Date of publication, distribution, etc. | 2001. |
| 300 ## - PHYSICAL DESCRIPTION | |
| Extent | 401 p. : |
| Other physical details | ill. + |
| Accompanying material | 1 computer optical disk (4 3/4 in.) |
| 538 ## - SYSTEM DETAILS NOTE | |
| Display text | Shelf # 09, Row # 1, History & Digital Design. |
| 650 #0 - SUBJECT ADDED ENTRY--TOPICAL TERM | |
| Topical term or geographic name entry element | VHDL (Computer hardware description language) |
| 9 (RLIN) | 2937 |
| 856 ## - ELECTRONIC LOCATION AND ACCESS | |
| Materials specified | Table of Contents Only. |
| 942 ## - ADDED ENTRY ELEMENTS (KOHA) | |
| Koha item type | Book |
| Call number prefix | 621.392 YAL |
| Source of classification or shelving scheme | |
| Classification part | 621.392 YAL |
| Withdrawn status | Lost status | Source of classification or shelving scheme | Damaged status | Not for loan | Permanent Location | Current Location | Shelving location | Date acquired | Full call number | Barcode | Date last seen | Price effective from | Koha item type |
|---|---|---|---|---|---|---|---|---|---|---|---|---|---|
| NUST Baluchistan Campus (NBC) | NUST Baluchistan Campus (NBC) | General Stacks | 04/25/2014 | 621.382YAL | RCMS000272 | 04/25/2014 | 04/25/2014 | Book |
